00698nam a2200169 i 450000100060000000300090000600500170001500700030003200800410003510000320007624501000010826000620020830000330027050001070030371000880041085200300049867852ES-MaACL20230906170147.0t|040206s1943 sp ||||1| spa d1 aGallart Monés, Francisco.10aPatología abdominal clínica / cpublicada bajo la dirección de Francisco Gallart Monés. aBarcelona : bSalvat, c[1943] (fImp. Hispano-Americana) aX, 683 p. : bil. ; c27 cm. aPrecede al tít.: Escuela de Patología Digestiva del Hospital de Sta. Cruz y S. Pablo de Barcelona.2 aEscuela de Patología Digestiva del Hospital de Sta. Cruz y S. Pablo de Barcelona. aES-MaACLjE-151 bR.19822